000 nam a22 7a 4500
999 _c10864
_d10864
008 180306b ||||| |||| 00| 0 eng d
100 _aJain,A.K.
_96689
245 _aDelhi School Education act,1973
260 _aNew Delhi
_bAkalank
_c2014